| 000 | 00367nam a22001337a 4500 | ||
|---|---|---|---|
| 020 | _qPB. | ||
| 040 | _cFIZZA ISHAQ | ||
| 082 |
_a973 _bZIN |
||
| 100 |
_a Zinn , Howard. _9133944 |
||
| 245 |
_aA People's History of the United States / _cHoward Zinn. |
||
| 260 |
_aNew York: _bHarper Perennial, _c1980. |
||
| 300 |
_a675 P. ; _c5.31 x 1.25 x 8 inches |
||
| 942 |
_2ddc _cBK |
||
| 999 |
_c616866 _d616866 |
||